000 00493cam a2200193ua 4500
001 7033
008 141119n ii |||gr||||Z||||||eng
020 _a9788177083885
040 _cMAIN
041 _aeng
082 _a332
100 _aAhmad, Rais,
_eEditor.
245 1 _aForeign direct investment and global financial crisis
_cEdited by Rais Ahmad
250 _a1st.
260 _aNew Delhi:
_bNew century,
_c2013.
300 _axvii,179p.
653 _aFinancial economics
942 _cBK
999 _c6173
_d6173